[Event "GRE-chT 48th"]
[Site "Athens"]
[Date "2021.09.12"]
[Round "7.3"]
[White "Karakatsanis, Nikolaos"]
[Black "Kouvidis, Ioannis"]
[Result "0-1"]
[WhiteElo "2045"]
[BlackElo "2040"]
[PlyCount "62"]
[EventDate "2021.09.07"]
[EventType "team-swiss"]
[EventRounds "7"]
[EventCountry "GRE"]
[SourceTitle "CBM 204 Extra"]
[Source "ChessBase"]
[SourceDate "2021.11.30"]
[SourceVersion "1"]
[SourceVersionDate "2021.11.30"]
[SourceQuality "1"]
[WhiteTeam "Piraikos"]
[BlackTeam "OFI"]
[WhiteTeamCountry "GRE"]
[BlackTeamCountry "GRE"]

1. d4 Nf6 2. Bf4 g6 3. Nc3 d5 4. e3 Bg7 5. h4 h5 6. Qd2 c6 7. Nf3 Bf5 8. Bd3 Bxd3 9. Qxd3 0-0 10. Ne5 Nfd7 11. Nf3 Nf6 12. 0-0-0 b5 13. Ng5 Qa5 14. Kb1 Nbd7 15. f3 Nb6 16. g4 Nc4 17. Be5 Qb4 18. b3 Qa3 19. Na4 bxa4 20. Qc3 axb3 21. cxb3 a5 22. Rc1 Nxe5 23. dxe5 a4 24. Rh2 axb3 25. axb3 Rfb8 26. Rb2 Nd7 27. f4 Nf6 28. gxh5 Nxh5 29. Qd3 e6 30. Kc2 c5 31. Nxe6 c4 0-1

[Event "GRE-chT 46th"]
[Site "Rio Achaia"]
[Date "2018.07.11"]
[Round "2.5"]
[White "Ladopoulos, Dimitrios"]
[Black "Karakatsanis, Nikolaos"]
[Result "1-0"]
[WhiteElo "2183"]
[BlackElo "1907"]
[PlyCount "63"]
[EventDate "2018.07.10"]
[EventType "team"]
[EventRounds "7"]
[EventCountry "GRE"]
[SourceTitle "CBM 185 Extra"]
[Source "ChessBase"]
[SourceDate "2018.07.29"]
[SourceVersion "1"]
[SourceVersionDate "2018.07.29"]
[SourceQuality "1"]
[WhiteTeam "Heraklion"]
[BlackTeam "Piraikos"]
[WhiteTeamCountry "GRE"]
[BlackTeamCountry "GRE"]

1. e4 e5 2. Nf3 Nf6 3. d4 Nxe4 4. Bd3 d5 5. dxe5 Nc5 6. Be2 Ne6 7. 0-0 g6 8. Be3 Bg7 9. Qd2 h6 10. Rd1 c6 11. c4 dxc4 12. Qc3 Qe7 13. Bxc4 Nd7 14. Nbd2 Ng5 15. Nxg5 hxg5 16. Nf3 Bxe5 17. Rxd7 Bxc3 18. Rxe7+ Kxe7 19. bxc3 Re8 20. Bc5+ Kf6 21. Bd4+ Ke7 22. Nxg5 Be6 23. Re1 Kd7 24. Bxe6+ fxe6 25. Ne4 Re7 26. Bc5 Rf7 27. Nd6 Rf4 28. Nxb7 Rc4 29. Bb4 Re8 30. Rd1+ Kc7 31. Nd6 Rd8 32. Ba5+ 1-0

[Event "Paleochora op 10th"]
[Site "Paleochora"]
[Date "2017.07.25"]
[Round "8"]
[White "Karakatsanis, Nikolaos"]
[Black "Pel, Bonno"]
[Result "0-1"]
[WhiteElo "1835"]
[BlackElo "2260"]
[PlyCount "60"]
[EventDate "2017.07.19"]
[EventType "swiss"]
[EventRounds "9"]
[EventCountry "GRE"]
[SourceTitle "EXT 2018"]
[Source "ChessBase"]
[SourceDate "2017.10.13"]
[SourceVersion "1"]
[SourceVersionDate "2017.10.13"]
[SourceQuality "1"]

1. e4 d6 2. c4 g6 3. Nc3 Bg7 4. g3 c5 5. Bg2 Nc6 6. d3 a6 7. Nge2 Rb8 8. 0-0 b5 9. f4 Bd7 10. Rb1 f5 11. b3 Nf6 12. Bb2 0-0 13. Kh1 e6 14. Qd2 Qb6 15. Rfe1 Rf7 16. Ng1 Nd4 17. Nce2 fxe4 18. Nxd4 cxd4 19. dxe4 e5 20. cxb5 axb5 21. Bf3 Bh6 22. Qb4 Re8 23. Rbc1 Bf8 24. a4 d5 25. Qd2 Nxe4 26. Bxe4 dxe4 27. fxe5 e3 28. Qg2 Rf2 29. Qd5+ Be6 30. Qe4 Rxb2 0-1

[Event "Heraklion Gazi op 12th"]
[Site "Malevizi"]
[Date "2016.08.01"]
[Round "5"]
[White "Karakatsanis, Nikolaos"]
[Black "Krallis, Christos"]
[Result "0-1"]
[WhiteElo "1813"]
[BlackElo "2005"]
[PlyCount "50"]
[EventDate "2016.07.28"]
[EventType "swiss"]
[EventRounds "9"]
[EventCountry "GRE"]
[SourceTitle "CBM 173 Extra"]
[Source "ChessBase"]
[SourceDate "2016.08.29"]
[SourceVersion "1"]
[SourceVersionDate "2016.08.29"]
[SourceQuality "1"]

1. c4 e5 2. Nc3 Nf6 3. g3 d5 4. cxd5 Nxd5 5. Bg2 Nb6 6. Nf3 Nc6 7. 0-0 Be7 8. d3 0-0 9. a3 Be6 10. Be3 Nd5 11. Nxd5 Bxd5 12. Rc1 f6 13. Qa4 Kh8 14. b4 a6 15. Bc5 Qd7 16. Rfd1 Qe6 17. Nd2 Bxg2 18. Bxe7 b5 19. Qc2 Nd4 20. Qc5 Qh3 21. Re1 Rfe8 22. f3 Rac8 23. Rc3 Qh6 24. Kxg2 Qxd2 25. Kf2 Nf5 0-1

[Event "Heraklion Gazi op 12th"]
[Site "Malevizi"]
[Date "2016.07.30"]
[Round "3"]
[White "Karakatsanis, Nikolaos"]
[Black "Makka, Ioulia"]
[Result "0-1"]
[WhiteElo "1813"]
[BlackElo "2129"]
[PlyCount "68"]
[EventDate "2016.07.28"]
[EventType "swiss"]
[EventRounds "9"]
[EventCountry "GRE"]
[SourceTitle "CBM 173 Extra"]
[Source "ChessBase"]
[SourceDate "2016.08.29"]
[SourceVersion "1"]
[SourceVersionDate "2016.08.29"]
[SourceQuality "1"]

1. g3 d5 2. Nf3 c6 3. b3 Bg4 4. Bg2 Nd7 5. Bb2 e6 6. 0-0 Ngf6 7. d3 Bc5 8. Qe1 Qe7 9. c4 0-0 10. a3 a5 11. Nc3 h6 12. Na4 Bd6 13. e4 dxe4 14. dxe4 e5 15. Nd2 Nc5 16. Nxc5 Bxc5 17. h3 Bh5 18. Kh2 Rfd8 19. f4 exf4 20. gxf4 Rd3 21. Bxf6 Qxf6 22. e5 Qe7 23. b4 axb4 24. axb4 Rxa1 25. Qxa1 Bxb4 26. Ne4 Rd8 27. f5 Re8 28. Ng3 g6 29. e6 Bd6 30. fxg6 Bxg6 31. Rf6 Qc7 32. exf7+ Bxf7 33. Rxd6 Qxd6 34. Qc3 Qf4 0-1

[Event "GRE-ch U16"]
[Site "Rio Achaia"]
[Date "2015.06.27"]
[Round "2.4"]
[White "Tsaknakis, Zisis"]
[Black "Karakatsanis, Nikolaos"]
[Result "1-0"]
[WhiteElo "2235"]
[BlackElo "1925"]
[PlyCount "83"]
[EventDate "2015.06.26"]
[EventType "swiss"]
[EventRounds "9"]
[EventCountry "GRE"]
[SourceTitle "EXT 2024"]
[Source "ChessBase"]
[SourceDate "2023.10.10"]
[SourceVersion "1"]
[SourceVersionDate "2023.10.10"]
[SourceQuality "1"]

1. e4 e5 2. Nf3 Nf6 3. Nxe5 d6 4. Nf3 Nxe4 5. d4 d5 6. Bd3 Be7 7. 0-0 0-0 8. c4 Nc6 9. Nc3 Nf6 10. h3 h6 11. a3 Be6 12. c5 Ne4 13. Nxe4 dxe4 14. Bxe4 Bd5 15. Bxd5 Qxd5 16. Bf4 Bf6 17. Bxc7 Nxd4 18. Nxd4 Qxd4 19. Bd6 Rfc8 20. Qf3 Qxb2 21. Rab1 Qc3 22. Qxc3 Bxc3 23. Rxb7 Bd4 24. Rc1 Rc6 25. Rc7 Rxc7 26. Bxc7 Rc8 27. Bd6 Bb2 28. Rc4 Bxa3 29. Kf1 a5 30. Ke2 f6 31. Kd3 Kf7 32. Kd4 Ke6 33. Rc2 Re8 34. Re2+ Kf7 35. Ra2 Bb4 36. Kd5 Re1 37. Bf4 Re6 38. c6 g5 39. c7 Re8 40. Bd6 Bxd6 41. Kxd6 Re6+ 42. Kd7 1-0

[Event "GRE-ch U16"]
[Site "Greece"]
[Date "2014.07.04"]
[Round "1"]
[White "Karakatsanis, Nikolaos"]
[Black "Kalogeris, Ioannis"]
[Result "0-1"]
[WhiteElo "1699"]
[BlackElo "2082"]
[PlyCount "108"]
[EventDate "2014.07.04"]
[EventType "swiss"]
[EventRounds "9"]
[EventCountry "GRE"]
[SourceTitle "EXT 2017"]
[Source "ChessBase"]
[SourceDate "2016.10.25"]
[SourceVersion "1"]
[SourceVersionDate "2016.10.25"]
[SourceQuality "1"]

1. e4 c5 2. c4 Nc6 3. Nc3 g6 4. g3 Bg7 5. Bg2 Nf6 6. d3 0-0 7. Nge2 d6 8. 0-0 a6 9. f4 Ne8 10. f5 Ne5 11. h3 Rb8 12. Bg5 h6 13. Be3 b5 14. b3 Kh7 15. Qd2 e6 16. fxg6+ fxg6 17. Rxf8 Bxf8 18. d4 cxd4 19. Bxd4 Bg7 20. cxb5 axb5 21. Rd1 Bd7 22. Nf4 Qa5 23. Nce2 Qxd2 24. Rxd2 b4 25. Kf2 Nc6 26. Bxg7 Kxg7 27. Ke3 Ne5 28. Nc1 Rc8 29. Ncd3 Nc6 30. Nb2 Kf7 31. Nc4 g5 32. Nd3 Ke7 33. Bf3 Rb8 34. Bh5 Nf6 35. Bf3 e5 36. Nf2 Nd4 37. Ng4 Nxg4+ 38. Bxg4 Bb5 39. Be2 Rf8 40. Kd3 Bxc4+ 41. bxc4 Ra8 42. Ke3 Ra3+ 43. Bd3 Kd7 44. Rb2 Ne6 45. Rb3 Rxb3 46. axb3 Nd4 47. Kf2 Nxb3 48. Kf3 Nc5 49. Bb1 h5 50. h4 gxh4 51. gxh4 b3 52. Ke3 Kc6 53. Ke2 Kb6 54. Kd2 Ka5 0-1

[Event "GRE-chT 42nd"]
[Site "Porto Rio"]
[Date "2014.06.28"]
[Round "1.9"]
[White "Ioannidis, Evgenios"]
[Black "Karakatsanis, Nikolaos"]
[Result "1-0"]
[WhiteElo "2059"]
[BlackElo "1699"]
[PlyCount "35"]
[EventDate "2014.06.28"]
[EventType "team-swiss"]
[EventRounds "7"]
[EventCountry "GRE"]
[SourceTitle "CBM 161 Extra"]
[Source "ChessBase"]
[SourceDate "2014.08.29"]
[SourceVersion "1"]
[SourceVersionDate "2014.08.29"]
[SourceQuality "1"]
[WhiteTeam "Peristeriou CP"]
[BlackTeam "Peiraikos PG"]
[WhiteTeamCountry "GRE"]
[BlackTeamCountry "GRE"]

1. d4 Nf6 2. c4 e6 3. Nc3 d5 4. cxd5 exd5 5. Bg5 Be7 6. e3 0-0 7. Bd3 Re8 8. Nge2 c6 9. Qc2 h6 10. Bh4 Ng4 11. Bg3 Bh4 12. h3 Bxg3 13. Nxg3 Nf6 14. 0-0 Nbd7 15. b4 b5 16. a4 a6 17. axb5 cxb5 18. Nxb5 1-0

[Event "Ambelokipi op 136th"]
[Site "Athens"]
[Date "2013.08.01"]
[Round "2"]
[White "Kakadelis, Efstratios"]
[Black "Karakatsanis, Nikolaos"]
[Result "0-1"]
[WhiteElo "2044"]
[BlackElo "1624"]
[PlyCount "74"]
[EventDate "2013.07.31"]
[EventType "swiss"]
[EventRounds "7"]
[EventCountry "GRE"]
[SourceTitle "EXT 2024"]
[Source "ChessBase"]
[SourceDate "2023.10.10"]
[SourceVersion "1"]
[SourceVersionDate "2023.10.10"]
[SourceQuality "1"]

1. c4 Nf6 2. Nc3 c5 3. Nf3 g6 4. d3 Bg7 5. Bd2 d6 6. g3 0-0 7. Bg2 Nc6 8. 0-0 Be6 9. Qc1 d5 10. cxd5 Nxd5 11. Nxd5 Bxd5 12. Qxc5 Bxb2 13. Rab1 Bg7 14. Rxb7 Nd4 15. Nxd4 Bxb7 16. Bxb7 Bxd4 17. Qc6 Rb8 18. Bf4 e5 19. Bh6 Re8 20. Qf3 Re6 21. Bd5 Rf6 22. Qe4 Rd6 23. Bc4 g5 24. e3 Bc3 25. Rc1 Bb2 26. Bxf7+ Kh8 27. d4 Bxc1 28. Qxe5+ Qf6 29. Bxg5 Qxe5 30. dxe5 Rd1+ 31. Kg2 Kg7 32. Bh5 Rd5 33. Bf6+ Kf8 34. Kf3 Rb4 35. g4 Bb2 36. e4 Rxe5 37. g5 Re6 0-1

[Event "GRE-ch U14"]
[Site "Patras"]
[Date "2013.07.11"]
[Round "6.6"]
[White "Karakatsanis, Nikolaos"]
[Black "Alexiadis, Hristos"]
[Result "1/2-1/2"]
[WhiteElo "1624"]
[BlackElo "1963"]
[PlyCount "66"]
[EventDate "2013.07.08"]
[EventType "swiss"]
[EventRounds "9"]
[EventCountry "GRE"]
[SourceTitle "EXT 2024"]
[Source "ChessBase"]
[SourceDate "2023.10.10"]
[SourceVersion "1"]
[SourceVersionDate "2023.10.10"]
[SourceQuality "1"]

1. e4 c5 2. Nc3 Nc6 3. g3 g6 4. Bg2 Bg7 5. d3 d6 6. Be3 e5 7. Qd2 Nge7 8. Bh6 0-0 9. h4 Bxh6 10. Qxh6 f6 11. Qd2 Nd4 12. Nce2 Nec6 13. c3 Nxe2 14. Nxe2 Be6 15. f4 d5 16. h5 g5 17. fxg5 fxg5 18. h6 dxe4 19. Bxe4 Qf6 20. 0-0-0 Nd8 21. c4 Nf7 22. Bxb7 Rab8 23. Be4 Nd6 24. Nc3 Kh8 25. Rdf1 Qxf1+ 26. Rxf1 Rxf1+ 27. Kc2 Nf7 28. Qe2 Rf6 29. Bd5 Bxd5 30. Nxd5 Rxh6 31. Qf2 Kg7 32. Ne7 Nd6 33. Qxc5 Rh2+ 1/2-1/2

[Event "GRE-ch U14"]
[Site "Patras"]
[Date "2013.07.09"]
[Round "2.7"]
[White "Tsiros, Fragkiskos Vlasios"]
[Black "Karakatsanis, Nikolaos"]
[Result "0-1"]
[WhiteElo "1891"]
[BlackElo "1624"]
[PlyCount "130"]
[EventDate "2013.07.08"]
[EventType "swiss"]
[EventRounds "9"]
[EventCountry "GRE"]
[SourceTitle "EXT 2024"]
[Source "ChessBase"]
[SourceDate "2023.10.10"]
[SourceVersion "1"]
[SourceVersionDate "2023.10.10"]
[SourceQuality "1"]

1. e4 e5 2. Nf3 Nf6 3. Nxe5 d6 4. Nf3 Nxe4 5. Nc3 Nf6 6. d4 d5 7. Bg5 Be7 8. Bd3 Be6 9. Qd2 h6 10. Bf4 a6 11. h3 Nc6 12. 0-0-0 Qd7 13. g4 0-0-0 14. a3 Ne8 15. Ne5 Nxe5 16. Bxe5 f6 17. Bg3 f5 18. f3 Rf8 19. Qe2 f4 20. Bf2 Bg8 21. Bf5 Rxf5 22. gxf5 Nd6 23. Rhg1 Nxf5 24. Kb1 Bh4 25. Bxh4 Nxh4 26. Qf2 g5 27. Rg4 Nf5 28. Re1 Ng3 29. h4 Be6 30. Rxg3 fxg3 31. Qxg3 g4 32. f4 Re8 33. Qd3 Bf7 34. Rg1 h5 35. Rf1 Qe7 36. Qf5+ Kb8 37. Nxd5 Bxd5 38. Qxd5 Qxh4 39. f5 Qf6 40. Qg2 Qxd4 41. Qh2 Qc4 42. Rc1 Qf7 43. Qf4 Qf6 44. Rd1 Re5 45. Rf1 Re7 46. Rh1 Re5 47. Rf1 Re7 48. Rh1 Rh7 49. Re1 Rf7 50. Rf1 Qg7 51. Rg1 Rf6 52. Qe5 Qf7 53. Rf1 h4 54. Qf4 g3 55. Qxh4 g2 56. Rc1 Rxf5 57. Qd8+ Ka7 58. Qd4+ b6 59. Qg4 Qd5 60. Qg7 Rf7 61. Qg3 Qf3 62. Qg6 Qf1 63. Qg5 Qxc1+ 64. Kxc1 Rf1+ 65. Kd2 g1Q 0-1

[Event "GRE-chT U16"]
[Site "Patras"]
[Date "2012.12.17"]
[Round "5.2"]
[White "Karakatsanis, Nikolaos"]
[Black "Papadopoulos, Argirios"]
[Result "0-1"]
[WhiteElo "1611"]
[BlackElo "1869"]
[PlyCount "62"]
[EventDate "2012.12.15"]
[EventType "team"]
[EventRounds "5"]
[EventCountry "GRE"]
[SourceTitle "EXT 2020"]
[Source "ChessBase"]
[SourceDate "2019.10.17"]
[SourceVersion "1"]
[SourceVersionDate "2019.10.17"]
[SourceQuality "1"]

1. e4 c5 2. c4 d6 3. Nc3 e6 4. g3 b6 5. Bg2 Bb7 6. d3 g6 7. Be3 Bg7 8. Qd2 Nc6 9. Nge2 Nd4 10. 0-0 Ne7 11. Bh6 0-0 12. Nxd4 cxd4 13. Bxg7 Kxg7 14. Ne2 e5 15. f4 f5 16. h3 h6 17. g4 Qd7 18. Bf3 Kh7 19. Rf2 Rf7 20. Kh2 Raf8 21. Raf1 fxe4 22. Bxe4 Bxe4 23. dxe4 g5 24. f5 b5 25. h4 Rg8 26. cxb5 d5 27. f6 Ng6 28. Rf5 Nxh4 29. Rxe5 Qc7 30. Qxd4 Re8 31. Ng3 Qxe5 0-1

[Event "GRE-ch U14"]
[Site "Rio Achaia"]
[Date "2012.06.25"]
[Round "3.10"]
[White "Nikolaou, Spiridon"]
[Black "Karakatsanis, Nikolaos"]
[Result "1/2-1/2"]
[WhiteElo "1740"]
[BlackElo "1506"]
[PlyCount "108"]
[EventDate "2012.06.24"]
[EventType "swiss"]
[EventRounds "7"]
[EventCountry "GRE"]
[SourceTitle "EXT 2024"]
[Source "ChessBase"]
[SourceDate "2023.10.10"]
[SourceVersion "1"]
[SourceVersionDate "2023.10.10"]
[SourceQuality "1"]

1. d4 Nf6 2. c4 e5 3. Nf3 e4 4. Nfd2 e3 5. fxe3 d5 6. Nc3 Nc6 7. cxd5 Nxd5 8. Nf3 Bb4 9. Qd3 f5 10. e4 fxe4 11. Qxe4+ Nce7 12. Bd2 0-0 13. Qh4 Nf6 14. e3 Ng6 15. Qg5 Qe8 16. Qb5 Bxc3 17. bxc3 c6 18. Bc4+ Kh8 19. Qb2 b5 20. Bb3 Bg4 21. 0-0-0 a5 22. Rde1 Ne4 23. Rhf1 c5 24. Bd5 Rc8 25. Bxe4 Qxe4 26. Qc2 Qe7 27. d5 b4 28. c4 Ra8 29. e4 Qb7 30. Be3 Rfc8 31. Ng5 Qb6 32. Qf2 a4 33. Nf7+ Kg8 34. Nh6+ Kh8 35. Nxg4 b3 36. a3 Rab8 37. Kb2 h5 38. Nh6 gxh6 39. Qf6+ Qxf6+ 40. Rxf6 Ne5 41. Rc1 Nd3+ 42. Kb1 Nxc1 43. Bxc1 Rf8 44. Rxh6+ Kg7 45. Rxh5 Rf1 46. Rf5 Rxf5 47. exf5 Re8 48. d6 Re1 49. Kb2 Kf6 50. g4 Re2+ 51. Kb1 Rxh2 52. Be3 Rh1+ 53. Kb2 Rh2+ 54. Kb1 Rh1+ 1/2-1/2

[Event "GRE-ch U14"]
[Site "Rio Achaia"]
[Date "2012.06.24"]
[Round "1.6"]
[White "Tsiros, Fragkiskos Vlasios"]
[Black "Karakatsanis, Nikolaos"]
[Result "1-0"]
[WhiteElo "1864"]
[BlackElo "1506"]
[PlyCount "47"]
[EventDate "2012.06.24"]
[EventType "swiss"]
[EventRounds "7"]
[EventCountry "GRE"]
[SourceTitle "EXT 2024"]
[Source "ChessBase"]
[SourceDate "2023.10.10"]
[SourceVersion "1"]
[SourceVersionDate "2023.10.10"]
[SourceQuality "1"]

1. e4 c5 2. Nf3 e6 3. d4 cxd4 4. Nxd4 Nf6 5. Nc3 Bb4 6. Bd3 d5 7. e5 Nfd7 8. Qh5 g6 9. Qe2 a6 10. 0-0 Bxc3 11. bxc3 Qc7 12. Nf3 Qxc3 13. Bh6 Nc6 14. Qe3 Nc5 15. Bg7 Rg8 16. Qh6 Nxd3 17. cxd3 Qxd3 18. Qxh7 Ne7 19. Ng5 Qf5 20. Bf6 Rf8 21. Rac1 Ng8 22. Nxf7 Nxf6 23. Nd6+ Kd8 24. Qc7# 1-0

[Event "Attica-ch U14"]
[Site "Peristeri"]
[Date "2012.04.18"]
[Round "2"]
[White "Korniotis, Filippos"]
[Black "Karakatsanis, Nikolaos"]
[Result "1/2-1/2"]
[WhiteElo "1866"]
[BlackElo "1514"]
[PlyCount "112"]
[EventDate "2012.04.17"]
[EventType "swiss"]
[EventRounds "7"]
[EventCountry "GRE"]
[SourceTitle "EXT 2024"]
[Source "ChessBase"]
[SourceDate "2023.10.10"]
[SourceVersion "1"]
[SourceVersionDate "2023.10.10"]
[SourceQuality "1"]

1. d4 e6 2. Nf3 c5 3. e3 Nf6 4. Bd3 Be7 5. c3 d5 6. 0-0 Nc6 7. Nbd2 0-0 8. Re1 Nd7 9. e4 cxd4 10. cxd4 dxe4 11. Nxe4 Nb6 12. Bf1 Bf6 13. Nxf6+ Qxf6 14. Bg5 Qg6 15. Bd3 f5 16. Qd2 h6 17. Bf4 Nd5 18. Ne5 Qh7 19. Nxc6 bxc6 20. Be5 g5 21. Rac1 Bd7 22. Ba6 Be8 23. Bc4 f4 24. Bd6 Rf6 25. Bxd5 exd5 26. Re7 Qg6 27. Be5 Rf7 28. Qb4 Rd8 29. Re1 Rxe7 30. Qxe7 Rd7 31. Qc5 h5 32. Bb8 Rb7 33. Bxa7 Rxb2 34. Qe7 Rb1 35. Bc5 Rxe1+ 36. Qxe1 Qe4 37. Qxe4 dxe4 38. f3 e3 39. Be7 g4 40. Bg5 gxf3 41. gxf3 Bf7 42. a4 Bd5 43. Bxf4 Bxf3 44. Bxe3 Be2 45. Kf2 Ba6 46. Kf3 Kf7 47. Bg5 Ke6 48. Kf4 Kd5 49. Bf6 c5 50. dxc5 Kxc5 51. a5 Be2 52. Kg5 Kb5 53. Bd8 Ka6 54. h4 Bg4 55. Kg6 Be2 56. Bb6 Bg4 1/2-1/2

[Event "Attica-ch U12 11"]
[Site "Athens"]
[Date "2010.12.26"]
[Round "2.1"]
[White "Drakoulakos, Grigorios"]
[Black "Karakatsanis, Nikolaos"]
[Result "1-0"]
[WhiteElo "1716"]
[BlackElo "1415"]
[PlyCount "105"]
[EventDate "2010.12.23"]
[EventType "swiss"]
[EventRounds "7"]
[EventCountry "GRE"]
[SourceTitle "EXT 2024"]
[Source "ChessBase"]
[SourceDate "2023.10.10"]
[SourceVersion "1"]
[SourceVersionDate "2023.10.10"]
[SourceQuality "1"]

1. d4 Nf6 2. c4 e6 3. Nc3 c5 4. Nf3 d5 5. cxd5 exd5 6. Bg5 Be7 7. g3 Be6 8. dxc5 Nc6 9. e3 h6 10. Bxf6 Bxf6 11. Nd4 Qc7 12. Bg2 Rd8 13. 0-0 0-0 14. a3 a5 15. Ncb5 Qc8 16. Rc1 Bh3 17. Nd6 Qd7 18. Bxh3 Qxh3 19. Nxb7 Rb8 20. Nxc6 Rxb7 21. Qxd5 Bxb2 22. Rb1 Rd7 23. Qg2 Qxg2+ 24. Kxg2 Bxa3 25. Nxa5 Bxc5 26. Nb3 Be7 27. Nd4 Bf6 28. Nf3 g6 29. Rfd1 Rxd1 30. Rxd1 Rd8 31. Nd4 Kg7 32. Kf3 Re8 33. Ne2 Rd8 34. Rb1 Rd2 35. Nf4 Be7 36. Rb7 Bf8 37. Ne6+ Kg8 38. Nxf8 Kxf8 39. Rb1 Kg7 40. Rf1 f5 41. Kf4 Kf6 42. g4 Ra2 43. gxf5 gxf5 44. Kg3 h5 45. Kh4 Ra8 46. Rg1 Ra2 47. Rg2 Ke5 48. Kxh5 f4 49. Kg4 fxe3 50. f4+ Ke4 51. Rxa2 Kd3 52. Ra3+ Ke2 53. Rxe3+ 1-0